<?xml version="1.0" encoding="UTF-8"?>
<record
    xmlns:xsi="http://www.w3.org/2001/XMLSchema-instance"
    xsi:schemaLocation="http://www.loc.gov/MARC21/slim http://www.loc.gov/standards/marcxml/schema/MARC21slim.xsd"
    xmlns="http://www.loc.gov/MARC21/slim">

  <leader>02312nam0a22003491  4500</leader>
  <controlfield tag="001">rc\1522058</controlfield>
  <controlfield tag="005">20260406162039.0</controlfield>
  <datafield tag="035" ind1=" " ind2=" ">
    <subfield code="a">(NLR Aleph) 005281934</subfield>
  </datafield>
  <datafield tag="090" ind1=" " ind2=" ">
    <subfield code="a">6107156</subfield>
    <subfield code="c">6107156</subfield>
  </datafield>
  <datafield tag="100" ind1=" " ind2=" ">
    <subfield code="a">20060620d1886    |||y0rusy50      ca</subfield>
  </datafield>
  <datafield tag="101" ind1="0" ind2=" ">
    <subfield code="a">rus</subfield>
  </datafield>
  <datafield tag="102" ind1=" " ind2=" ">
    <subfield code="a">RU</subfield>
  </datafield>
  <datafield tag="105" ind1=" " ind2=" ">
    <subfield code="a">y   z   |||a|</subfield>
  </datafield>
  <datafield tag="200" ind1="1" ind2=" ">
    <subfield code="a">"&#x411;&#x43E;&#x440;&#x438;&#x441; &#x413;&#x43E;&#x434;&#x443;&#x43D;&#x43E;&#x432;" &#x410;.&#x421;. &#x41F;&#x443;&#x448;&#x43A;&#x438;&#x43D;&#x430;</subfield>
    <subfield code="e">(&#x41E;&#x43F;&#x44B;&#x442; &#x440;&#x430;&#x437;&#x431;&#x43E;&#x440;&#x430; &#x442;&#x440;&#x430;&#x433;&#x435;&#x434;&#x438;&#x438;)</subfield>
    <subfield code="f">&#x421;&#x43E;&#x441;&#x442;. &#x415;. &#x412;&#x43E;&#x441;&#x43A;&#x440;&#x435;&#x441;&#x435;&#x43D;&#x441;&#x43A;&#x438;&#x439;</subfield>
  </datafield>
  <datafield tag="205" ind1=" " ind2=" ">
    <subfield code="a">2-&#x435; &#x438;&#x437;&#x434;., &#x438;&#x441;&#x43F;&#x440;. &#x438; &#x434;&#x43E;&#x43F;.</subfield>
  </datafield>
  <datafield tag="210" ind1=" " ind2=" ">
    <subfield code="a">&#x42F;&#x440;&#x43E;&#x441;&#x43B;&#x430;&#x432;&#x43B;&#x44C;</subfield>
    <subfield code="c">&#x442;&#x438;&#x43F;. &#x413;&#x443;&#x431;. &#x437;&#x435;&#x43C;. &#x443;&#x43F;&#x440;&#x430;&#x432;&#x44B;</subfield>
    <subfield code="d">1886</subfield>
  </datafield>
  <datafield tag="215" ind1=" " ind2=" ">
    <subfield code="a">[2], 69 &#x441;.</subfield>
    <subfield code="d">24</subfield>
  </datafield>
  <datafield tag="316" ind1=" " ind2=" ">
    <subfield code="a">&#x42D;&#x43A;&#x437;. &#x420;&#x41D;&#x411; (18.212.1.14&#x430;(&#x430;&#x43B;&#x43B;. 3)): &#x43F;&#x440;&#x438;&#x43F;&#x43B;&#x435;&#x442;&#x435;&#x43D;&#x43E; &#x43A;: &#x412;&#x43E;&#x441;&#x43A;&#x440;&#x435;&#x441;&#x435;&#x43D;&#x441;&#x43A;&#x438;&#x439;, &#x415;.&#x418;. &#x41F;&#x43E;&#x432;&#x435;&#x441;&#x442;&#x438; &#x41F;&#x443;&#x448;&#x43A;&#x438;&#x43D;&#x430;. (&#x41E;&#x43F;&#x44B;&#x442; &#x440;&#x430;&#x437;&#x431;&#x43E;&#x440;&#x430;). &#x42F;&#x440;&#x43E;&#x441;&#x43B;&#x430;&#x432;&#x43B;&#x44C;, 1888 (&#x43E;&#x431;&#x43B;. 1887)</subfield>
    <subfield code="5">NLR: 18.212.1.14&#x430;(&#x430;&#x43B;&#x43B;. 3)): &#x43F;&#x440;&#x438;&#x43F;&#x43B;&#x435;&#x442;&#x435;&#x43D;&#x43E; &#x43A;: &#x412;&#x43E;&#x441;&#x43A;&#x440;&#x435;&#x441;&#x435;&#x43D;&#x441;&#x43A;&#x438;&#x439;, &#x415;.&#x418;. &#x41F;&#x43E;&#x432;&#x435;&#x441;&#x442;&#x438; &#x41F;&#x443;&#x448;&#x43A;&#x438;&#x43D;&#x430;. (&#x41E;&#x43F;&#x44B;&#x442; &#x440;&#x430;&#x437;&#x431;&#x43E;&#x440;&#x430;). &#x42F;&#x440;&#x43E;&#x441;&#x43B;&#x430;&#x432;&#x43B;&#x44C;, 1888 (&#x43E;&#x431;&#x43B;. 1887</subfield>
  </datafield>
  <datafield tag="482" ind1=" " ind2="0">
    <subfield code="1">001RU\NLR\BIBL_A\011998258</subfield>
    <subfield code="1">2001#$a&#x41F;&#x43E;&#x432;&#x435;&#x441;&#x442;&#x438; &#x41F;&#x443;&#x448;&#x43A;&#x438;&#x43D;&#x430;$e(&#x41E;&#x43F;&#x44B;&#x442; &#x440;&#x430;&#x437;&#x431;&#x43E;&#x440;&#x430;)</subfield>
    <subfield code="1">210##$a&#x42F;&#x440;&#x43E;&#x441;&#x43B;&#x430;&#x432;&#x43B;&#x44C;$d1888 (&#x43E;&#x431;&#x43B;. 1887)</subfield>
    <subfield code="1">700#1$3RU\NLR\AUTH\7758298$7ca$a&#x412;&#x43E;&#x441;&#x43A;&#x440;&#x435;&#x441;&#x435;&#x43D;&#x441;&#x43A;&#x438;&#x439;$b&#x415;. &#x418;.$f1859-1887$g&#x415;&#x432;&#x433;&#x435;&#x43D;&#x438;&#x439; &#x418;&#x432;&#x430;&#x43D;&#x43E;&#x432;&#x438;&#x447;</subfield>
    <subfield code="9">11394293</subfield>
    <subfield code="a">&#x411;&#x435;&#x43B;&#x43A;&#x438;&#x43D;, &#x410;. &#x41F;. (1953-)</subfield>
    <subfield code="c">&#x41C;&#x43E;&#x441;&#x43A;&#x432;&#x430;</subfield>
    <subfield code="d">2019</subfield>
    <subfield code="f">&#x410;&#x43D;&#x430;&#x442;&#x43E;&#x43B;&#x438;&#x439; &#x411;&#x435;&#x43B;&#x43A;&#x438;&#x43D;</subfield>
    <subfield code="n">&#x426;&#x435;&#x43D;&#x442;&#x440;&#x43F;&#x43E;&#x43B;&#x438;&#x433;&#x440;&#x430;&#x444;</subfield>
    <subfield code="p">286, [1] &#x441;.</subfield>
    <subfield code="t">&#x41F;&#x43E;&#x432;&#x435;&#x441;&#x442;&#x438; &#x41F;&#x443;&#x448;&#x43A;&#x438;&#x43D;&#x430;</subfield>
    <subfield code="y">978-5-227-08603-7</subfield>
  </datafield>
  <datafield tag="500" ind1="1" ind2="0">
    <subfield code="6">z01702</subfield>
    <subfield code="a">&#x411;&#x43E;&#x440;&#x438;&#x441; &#x413;&#x43E;&#x434;&#x443;&#x43D;&#x43E;&#x432;</subfield>
  </datafield>
  <datafield tag="532" ind1="1" ind2="0">
    <subfield code="a">&#x411;&#x43E;&#x440;&#x438;&#x441; &#x413;&#x43E;&#x434;&#x443;&#x43D;&#x43E;&#x432; &#x410;&#x43B;&#x435;&#x43A;&#x441;&#x430;&#x43D;&#x434;&#x440;&#x430; &#x421;&#x435;&#x440;&#x433;&#x435;&#x435;&#x432;&#x438;&#x447;&#x430; &#x41F;&#x443;&#x448;&#x43A;&#x438;&#x43D;&#x430;</subfield>
  </datafield>
  <datafield tag="700" ind1=" " ind2="1">
    <subfield code="4">220</subfield>
    <subfield code="8">rus</subfield>
    <subfield code="7">ca</subfield>
    <subfield code="a">&#x412;&#x43E;&#x441;&#x43A;&#x440;&#x435;&#x441;&#x435;&#x43D;&#x441;&#x43A;&#x438;&#x439;</subfield>
    <subfield code="b">&#x415;. &#x418;.</subfield>
    <subfield code="f">1859-1887</subfield>
    <subfield code="g">&#x415;&#x432;&#x433;&#x435;&#x43D;&#x438;&#x439; &#x418;&#x432;&#x430;&#x43D;&#x43E;&#x432;&#x438;&#x447;</subfield>
    <subfield code="3">RU\NLR\AUTH\7758298</subfield>
    <subfield code="9">41230</subfield>
  </datafield>
  <datafield tag="702" ind1=" " ind2="0">
    <subfield code="4">570</subfield>
    <subfield code="8">rus</subfield>
    <subfield code="7">ca</subfield>
    <subfield code="a">&#x411;&#x43E;&#x440;&#x438;&#x441; &#x424;&#x451;&#x434;&#x43E;&#x440;&#x43E;&#x432;&#x438;&#x447; &#x413;&#x43E;&#x434;&#x443;&#x43D;&#x43E;&#x432;</subfield>
    <subfield code="c">&#x446;&#x430;&#x440;&#x44C; &#x440;&#x443;&#x441;&#x441;&#x43A;&#x438;&#x439;</subfield>
    <subfield code="f">&#x43E;&#x43A;.1552-1605</subfield>
    <subfield code="3">RU\NLR\AUTH\779068</subfield>
    <subfield code="9">118936</subfield>
  </datafield>
  <datafield tag="702" ind1=" " ind2="1">
    <subfield code="4">570</subfield>
    <subfield code="8">rus</subfield>
    <subfield code="7">ca</subfield>
    <subfield code="a">&#x41F;&#x443;&#x448;&#x43A;&#x438;&#x43D;</subfield>
    <subfield code="b">&#x410;. &#x421;.</subfield>
    <subfield code="c">&#x43F;&#x43E;&#x44D;&#x442;</subfield>
    <subfield code="f">1799-1837</subfield>
    <subfield code="g">&#x410;&#x43B;&#x435;&#x43A;&#x441;&#x430;&#x43D;&#x434;&#x440; &#x421;&#x435;&#x440;&#x433;&#x435;&#x435;&#x432;&#x438;&#x447;</subfield>
    <subfield code="3">RU\NLR\AUTH\77386</subfield>
    <subfield code="9">110441</subfield>
  </datafield>
  <datafield tag="801" ind1=" " ind2="2">
    <subfield code="a">RU</subfield>
    <subfield code="b">NLR</subfield>
    <subfield code="c">20080620</subfield>
    <subfield code="2">rusmarc</subfield>
  </datafield>
  <datafield tag="801" ind1=" " ind2="0">
    <subfield code="a">RU</subfield>
    <subfield code="b">NLR</subfield>
    <subfield code="c">20060620</subfield>
    <subfield code="g">psbo</subfield>
  </datafield>
  <datafield tag="801" ind1=" " ind2="0">
    <subfield code="a">RU</subfield>
    <subfield code="b">RuMoRGB</subfield>
    <subfield code="c">20060620</subfield>
    <subfield code="2">psbo</subfield>
  </datafield>
  <datafield tag="801" ind1=" " ind2="1">
    <subfield code="a">RU</subfield>
    <subfield code="b">ProSoft-M</subfield>
    <subfield code="c">20060620</subfield>
    <subfield code="2">rusmarc</subfield>
  </datafield>
  <datafield tag="852" ind1=" " ind2=" ">
    <subfield code="a">NLR</subfield>
    <subfield code="j">18.212.1.14&#x430;(&#x430;&#x43B;&#x43B;. 3)</subfield>
  </datafield>
  <datafield tag="852" ind1=" " ind2=" ">
    <subfield code="a">NLR</subfield>
    <subfield code="j">38.15.5.28</subfield>
  </datafield>
  <datafield tag="942" ind1=" " ind2=" ">
    <subfield code="c">BOOK</subfield>
  </datafield>
  <datafield tag="980" ind1=" " ind2=" ">
    <subfield code="a">NB</subfield>
  </datafield>
  <datafield tag="995" ind1=" " ind2=" ">
    <subfield code="5">2013-10-26</subfield>
    <subfield code="b">NLR02</subfield>
    <subfield code="c">NLR02</subfield>
    <subfield code="e">RFS</subfield>
    <subfield code="f">5281934-10</subfield>
    <subfield code="k">18.212.1.14&#x430;(&#x430;&#x43B;&#x43B;. 3)</subfield>
    <subfield code="o">0</subfield>
    <subfield code="r">BOOK</subfield>
    <subfield code="s">18212114_3</subfield>
  </datafield>
  <datafield tag="995" ind1=" " ind2=" ">
    <subfield code="5">2013-10-26</subfield>
    <subfield code="b">NLR02</subfield>
    <subfield code="c">NLR02</subfield>
    <subfield code="e">RFS</subfield>
    <subfield code="f">5281934-20</subfield>
    <subfield code="k">38.15.5.28</subfield>
    <subfield code="o">0</subfield>
    <subfield code="r">BOOK</subfield>
    <subfield code="s">3815528_</subfield>
  </datafield>
</record>
